Famous 'De' People by Picture Quiz Stats

Quiz Updated Oct 31, 2016

Challenge
Share
Tweet
Score 0/20 Timer 05:00
2 Plays Today
% Correct
Johnny Depp
97.7%
Ellen DeGeneres
94.1%
Robert De Niro
92.4%
Danny DeVito
87.9%
James Dean
79.8%
Judi Dench
79.4%
Zooey Deschanel
74.3%
John Denver
69.6%
Patrick Dempsey
60.3%
Laura Dern
54.7%
% Correct
Benicio del Toro
49.7%
Gérard Depardieu
49.3%
Portia de Rossi
43%
René Descartes
31.7%
Lana Del Rey
28%
Kat Dennings
25.5%
Catherine Deneuve
25.4%
Dana Delany
20.6%
Claude Debussy
6.8%
Dane DeHaan
6.2%

You're not logged in!

Compare scores with friends on all Sporcle quizzes.
Join for Free
OR
Log In

You Might Also Like...

Show Comments

Extras

Top Quizzes Today


Score Distribution

Your Account Isn't Verified!

In order to create a playlist on Sporcle, you need to verify the email address you used during registration. Go to your Sporcle Settings to finish the process.

Report this User

Report this user for behavior that violates our Community Guidelines.

Details: